Sports Quiz

Random Sports or Basketball Quiz

NBA 1980s Bulls Yearly Team Leaders Quiz Stats

 Plays Quiz not verified by Sporcle

Score 0/44 Timer 03:00
0 Plays Today
Stat Player % Correct
PointsMichael Jordan
100%
PointsMichael Jordan
100%
PointsMichael Jordan
100%
PointsMichael Jordan
100%
PointsMichael Jordan
100%
ReboundsMichael Jordan
100%
AssistsMichael Jordan
100%
AssistsMichael Jordan
100%
AssistsMichael Jordan
100%
AssistsMichael Jordan
100%
StealsMichael Jordan
100%
StealsMichael Jordan
100%
StealsMichael Jordan
100%
StealsMichael Jordan
100%
StealsMichael Jordan
100%
ReboundsHorace Grant
83.1%
ReboundsHorace Grant
83.1%
AssistsJohn Paxson
70.7%
PointsArtis Gilmore
70.3%
ReboundsCharles Oakley
70.3%
ReboundsCharles Oakley
70.3%
ReboundsCharles Oakley
70.3%
Stat Player % Correct
ReboundsArtis Gilmore
70.3%
ReboundsArtis Gilmore
70.3%
PointsReggie Theus
63.8%
PointsReggie Theus
63.8%
PointsReggie Theus
63.8%
AssistsReggie Theus
63.8%
AssistsReggie Theus
63.8%
AssistsReggie Theus
63.8%
AssistsReggie Theus
63.8%
StealsReggie Theus
63.8%
StealsReggie Theus
63.8%
StealsReggie Theus
63.8%
PointsOrlando Woolridge
54.8%
ReboundsDave Greenwood
23.1%
ReboundsDave Greenwood
23.1%
ReboundsDave Greenwood
23.1%
PointsQuintin Dailey
22.1%
StealsGene Banks and Kyle Macy
16.2%
AssistsKyle Macy
15.5%
AssistsEnnis Whatley
7.9%
StealsEnnis Whatley
7.9%
StealsRicky Sobers
7.9%

You're not logged in!

Compare scores with friends on all Sporcle quizzes.
Join for Free
OR
Log In

You Might Also Like...

Show Comments

Extras

Top Quizzes Today


Score Distribution

Your Account Isn't Verified!

In order to create a playlist on Sporcle, you need to verify the email address you used during registration. Go to your Sporcle Settings to finish the process.

Report this User

Report this user for behavior that violates our Community Guidelines.

Details: